000 00357nam a2200145Ia 4500
008 230917s9999||||xx |||||||||||||| ||und||
040 _e214856
_aMAIN
041 _aEnglish
082 _a511.313 C421I
100 _aChen, Guanrong
245 0 _aIntroduction to fuzzy systems
260 _aNew York
_bChapman&Hall
_c2009
300 _a315 p.
942 _cBK
999 _c177262
_d177262